| 000 | 01177cam a22003013a 4500 | ||
|---|---|---|---|
| 001 | 12001 | ||
| 003 | PGUSA | ||
| 005 | 20140828083243.0 | ||
| 008 | 040401s2004||||xxu|||||s|||||000 i eng d | ||
| 040 |
_aPGUSA _beng |
||
| 042 | _adc | ||
| 050 | 4 | _aPN | |
| 100 | 1 |
_aMorley, John, _d1838-1923 |
|
| 245 | 1 | 0 |
_aStudies in Literature _h[electronic resource] / _cJohn Morley |
| 260 |
_bProject Gutenberg, _c2004 |
||
| 505 | 0 | _aWordsworth -- Aphorisms -- Maine on popular government -- A few words on French models -- On the study of literature -- Victor Hugo's "Ninety-three" -- On "The ring and the book" -- Memorials of a man of letters [Macvey Napier] -- Valedictory. | |
| 506 | _aPublic domain in the USA. | ||
| 516 | _aElectronic text | ||
| 653 | _aMaine, Henry Sumner, 1822-1888. Popular government | ||
| 653 | _aLiterature -- History and criticism | ||
| 653 | _aBrowning, Robert, 1812-1889. Ring and the book | ||
| 653 | _aWordsworth, William, 1770-1850 | ||
| 653 | _aHugo, Victor, 1802-1885. Quatrevingt-treize | ||
| 653 | _aNapier, Macvey, 1776-1847 | ||
| 830 | 0 |
_aProject Gutenberg _v12001 |
|
| 856 | 4 | 0 | _uhttp://www.gutenberg.org/ebooks/12001 |
| 942 | _cEB | ||
| 999 |
_c241256 _d241256 |
||